<?xml version="1.0" encoding="UTF-8"?>
<record
    xmlns:xsi="http://www.w3.org/2001/XMLSchema-instance"
    xsi:schemaLocation="http://www.loc.gov/MARC21/slim http://www.loc.gov/standards/marcxml/schema/MARC21slim.xsd"
    xmlns="http://www.loc.gov/MARC21/slim">

  <leader>01324nam a2200325 a 4500</leader>
  <datafield tag="999" ind1=" " ind2=" ">
    <subfield code="c">1132</subfield>
    <subfield code="d">1132</subfield>
  </datafield>
  <controlfield tag="005">20200514153656.0</controlfield>
  <controlfield tag="008">140226b1994    ck ||||| |||| 00| 0 spa d</controlfield>
  <datafield tag="040" ind1=" " ind2=" ">
    <subfield code="a">CO-BoIAVH</subfield>
    <subfield code="c">CO-BoIAVH</subfield>
  </datafield>
  <datafield tag="041" ind1=" " ind2=" ">
    <subfield code="a">spa</subfield>
  </datafield>
  <datafield tag="044" ind1=" " ind2=" ">
    <subfield code="a">ck</subfield>
  </datafield>
  <datafield tag="082" ind1=" " ind2=" ">
    <subfield code="a">333.9516</subfield>
  </datafield>
  <datafield tag="090" ind1=" " ind2=" ">
    <subfield code="a">LB</subfield>
    <subfield code="b">01121</subfield>
  </datafield>
  <datafield tag="111" ind1=" " ind2=" ">
    <subfield code="a">Taller de expertos sobre el estado del conocimiento y lineamientos para una Estrategia  Nacional de Biodiversidad en los Sistemas Marinos y Costeros C</subfield>
    <subfield code="9">10960</subfield>
  </datafield>
  <datafield tag="245" ind1=" " ind2=" ">
    <subfield code="a">Taller de expertos sobre el estado del conocimiento y lineamientos para una Estrategia  Nacional de Biodiversidad en los Sistemas Marinos y Costeros Colombianos</subfield>
    <subfield code="b">informe del taller</subfield>
  </datafield>
  <datafield tag="260" ind1=" " ind2=" ">
    <subfield code="a">Bogot&#xE1;</subfield>
    <subfield code="b">Comisi&#xF3;n Colombina de Oceanograf&#xED;a</subfield>
    <subfield code="b">Estrategia Nacional de Biodiversidad</subfield>
    <subfield code="b">COLCIENCIAS</subfield>
    <subfield code="c">1994</subfield>
  </datafield>
  <datafield tag="300" ind1=" " ind2=" ">
    <subfield code="a">31 p.</subfield>
  </datafield>
  <datafield tag="650" ind1=" " ind2=" ">
    <subfield code="a">Biodiversidad</subfield>
    <subfield code="9">102904</subfield>
  </datafield>
  <datafield tag="650" ind1=" " ind2=" ">
    <subfield code="a">Ecosistemas marinos</subfield>
    <subfield code="9">102905</subfield>
  </datafield>
  <datafield tag="650" ind1=" " ind2=" ">
    <subfield code="a">Estrategias nacionales de biodiversidad</subfield>
    <subfield code="9">102906</subfield>
  </datafield>
  <datafield tag="650" ind1=" " ind2=" ">
    <subfield code="a">Ecosistemas costeros</subfield>
    <subfield code="9">102907</subfield>
  </datafield>
  <datafield tag="650" ind1=" " ind2=" ">
    <subfield code="a">Comercio exterior</subfield>
    <subfield code="9">102908</subfield>
  </datafield>
  <datafield tag="650" ind1=" " ind2=" ">
    <subfield code="a">Medio ambiente</subfield>
    <subfield code="9">102909</subfield>
  </datafield>
  <datafield tag="650" ind1=" " ind2=" ">
    <subfield code="a">Gesti&#xF3;n ambiental</subfield>
    <subfield code="9">102910</subfield>
  </datafield>
  <datafield tag="650" ind1=" " ind2=" ">
    <subfield code="a">Arrecifes coralinos</subfield>
    <subfield code="9">102911</subfield>
  </datafield>
  <datafield tag="650" ind1=" " ind2=" ">
    <subfield code="a">Ecosistemas estrat&#xE9;gicos</subfield>
    <subfield code="9">3520</subfield>
  </datafield>
  <datafield tag="650" ind1=" " ind2=" ">
    <subfield code="a">Legislaci&#xF3;n ambiental</subfield>
    <subfield code="9">102912</subfield>
  </datafield>
  <datafield tag="650" ind1=" " ind2=" ">
    <subfield code="a">Recursos pesqueros</subfield>
    <subfield code="9">102913</subfield>
  </datafield>
  <datafield tag="662" ind1=" " ind2=" ">
    <subfield code="a">Colombia</subfield>
  </datafield>
  <datafield tag="942" ind1=" " ind2=" ">
    <subfield code="c">LIBRO</subfield>
    <subfield code="2">z</subfield>
    <subfield code="0">3</subfield>
  </datafield>
  <datafield tag="952" ind1=" " ind2=" ">
    <subfield code="0">0</subfield>
    <subfield code="1">0</subfield>
    <subfield code="2">z</subfield>
    <subfield code="4">0</subfield>
    <subfield code="7">0</subfield>
    <subfield code="8">GENERAL</subfield>
    <subfield code="a">Villa</subfield>
    <subfield code="b">Bogota</subfield>
    <subfield code="d">1999-04-11</subfield>
    <subfield code="e">Samper, Cristi&#xE1;n</subfield>
    <subfield code="l">3</subfield>
    <subfield code="m">3</subfield>
    <subfield code="o">LB-01121</subfield>
    <subfield code="p">001535</subfield>
    <subfield code="q">2015-10-23</subfield>
    <subfield code="r">2015-07-28 00:00:00</subfield>
    <subfield code="s">2015-07-28</subfield>
    <subfield code="t">Ej. 1</subfield>
    <subfield code="w">2012-12-04</subfield>
    <subfield code="y">LIBRO</subfield>
  </datafield>
</record>
